Zborník piesní

Bibliographic Details
Main Author: Martinov, Michal Frič (Author)
Format: Musical Score Book
Language:Slovak
PhysicalDescription:1 spevník ([7], 200, [9] s.) noty, texty 21 cm
Published: Pezinok Malokarpatské múzeum 2006
ISBN:8096753746 (brož.)
Edition:[1. vyd.]
Subjects:

MARC

LEADER 00000ncm a2200000 a 4500
001 vtls008949211
003 SK-MaSNL
005 20260302075643.0
007 qu
008 070226s2006 xo sgzf abdi z slo
015 |a SNBH2007/04-01361 
020 |a 8096753746 (brož.) 
040 |a SNK  |b slo  |c SNK  |e AACR2 
041 0 |a slo 
043 |a e-xo--- 
044 |a xo  |c SK 
048 |a vn 
072 7 |a 784  |x Vokálna hudba  |2 konspekt 
080 |a 784.4(=162.4)  |2 2001 
080 |a (0:82-192)  |2 2001 
080 |a (437.6)  |2 2001 
084 |a 2.2.2  |2 snlmc 
100 1 |a Martinov, Michal Frič  |4 aut  |9 742778 
245 1 0 |a Zborník piesní  |h hudobnina  |c Michal Frič Martinov 
250 |a [1. vyd.] 
254 |a Spevník 
260 |a Pezinok  |b Malokarpatské múzeum  |c 2006 
300 |a 1 spevník ([7], 200, [9] s.)  |b noty, texty  |c 21 cm 
500 |a Obsahuje zoznam piesní 
650 0 7 |a slovenské ľudové piesne  |2 SNKPH  |9 3454 
650 0 7 |a folklór  |2 SNKPH  |9 19213 
651 7 |a Malokarpatská vinohradnícka oblasť (Slovensko)  |2 SNKPH  |9 151545 
655 7 |a spevníky  |2 SNKPH  |9 70506 
919 |a 80-967537-4-6 
919 |a ISMN 
999 |c 1170037  |d 1171967 
952 |a SNK  |b SNK  |y PREZ  |7 0  |p 17A0541893  |o snkHSC 475  |i snk2007/5286  |8 0  |0 0  |1 0  |4 0  |d 2007-02-26  |l 0  |r 2026-02-24 21:01:06  |w 2026-02-24 
952 |a SNK  |b SNK  |y VYP  |7 0  |p 17A0541894  |o snkHSC 475 D1  |i snk2007/5287  |8 0  |0 0  |1 0  |4 0  |d 2007-02-26  |l 0  |r 2026-02-24 21:01:06  |w 2026-02-24